|
|
|
|
| LEADER |
00000caa a2200000 c 4500 |
| 001 |
1782005803 |
| 003 |
DE-627 |
| 005 |
20250312114834.0 |
| 007 |
tu |
| 008 |
211213s2022 xx ||||| 00| ||ger c |
| 035 |
|
|
|a (DE-627)1782005803
|
| 035 |
|
|
|a (DE-599)KXP1782005803
|
| 040 |
|
|
|a DE-627
|b ger
|c DE-627
|e rda
|
| 041 |
|
|
|a ger
|
| 100 |
1 |
|
|a Nöding, Toralf
|d 1975-
|e VerfasserIn
|0 (DE-588)129980331
|0 (DE-627)485304880
|0 (DE-576)18369452X
|4 aut
|
| 109 |
|
|
|a Nöding, Toralf 1975-
|
| 245 |
1 |
4 |
|a Die Ausweitung der Pflichtverteidigung durch das Gesetz zur Stärkung der Verfahrensrechte von Beschuldigten im Jugendstrafverfahren
|b eine Zwischenbilanz aus Sicht eines Strafverteidigers
|c Rechtsanwalt Dr. Toralf Nöding, Berlin
|
| 264 |
|
1 |
|c 2022
|
| 336 |
|
|
|a Text
|b txt
|2 rdacontent
|
| 337 |
|
|
|a ohne Hilfsmittel zu benutzen
|b n
|2 rdamedia
|
| 338 |
|
|
|a Band
|b nc
|2 rdacarrier
|
| 650 |
0 |
7 |
|0 (DE-588)4125279-2
|0 (DE-627)10574140X
|0 (DE-576)209575247
|a Jugendstrafverfahren
|2 gnd
|
| 650 |
0 |
7 |
|0 (DE-588)4162834-2
|0 (DE-627)105459283
|0 (DE-576)209876549
|a Jugendgerichtshilfe
|2 gnd
|
| 650 |
|
4 |
|a Polizeidiversion
|
| 650 |
|
4 |
|a Pflichtverteidigung
|
| 650 |
|
4 |
|a Sanktionsprognose
|
| 773 |
0 |
8 |
|i Enthalten in
|t Strafverteidiger
|d Köln : Heymanns, 1981
|g 42(2022), 1, Seite 52-58
|w (DE-627)129098132
|w (DE-600)8277-6
|w (DE-576)014434857
|x 0720-1605
|7 nnas
|
| 773 |
1 |
8 |
|g volume:42
|g year:2022
|g number:1
|g pages:52-58
|
| 951 |
|
|
|a AR
|
| ELC |
|
|
|b 1
|
| LOK |
|
|
|0 000 xxxxxcx a22 zn 4500
|
| LOK |
|
|
|0 001 4113005400
|
| LOK |
|
|
|0 003 DE-627
|
| LOK |
|
|
|0 004 1782005803
|
| LOK |
|
|
|0 005 20250312114834
|
| LOK |
|
|
|0 008 220407||||||||||||||||ger|||||||
|
| LOK |
|
|
|0 040
|a DE-21-110
|c DE-627
|d DE-21-110
|
| LOK |
|
|
|0 852
|a DE-21-110
|
| LOK |
|
|
|0 852 1
|m p
|9 00
|
| LOK |
|
|
|0 935
|a krub
|
| LOK |
|
|
|0 938
|k p
|
| LOK |
|
|
|0 939
|a 07-04-22
|b l01
|
| ORI |
|
|
|a SA-MARC-krimdoka001.raw
|